Statystyki dla Czy rozpoznasz wszystkich sponsorów klubów z ekstraklasy? 2022/23

Kliknij tutaj aby rozwiązać quiz!

Ogólne statystyki

  • Ten quiz został rozwiązany 53 razy
  • Średni wynik to 6 z 18

Statystyki odpowiedzi

DrużynaSponsor% Poprawnych
Jagiellonia BiałystokSTS
71%
Lech PoznańSTS
71%
Legia Warszawa+500plus
60%
Zagłębie LubinKGHM
56%
Wisła PłockOrlen
54%
CracoviaComarch
42%
Raków CzęstochowaX-Kom
42%
Piast GliwiceBetclick
35%
Radomiak RadomEnea
31%
Śląsk WrocławLvBet
27%
Korona KielceSuzuki
27%
Górnik ZabrzeWęglokoks
25%
Lechia GdańskeTORO
21%
Stal MielecPGE
21%
Pogoń SzczecinBetcris
17%
Warta PoznańTotalBet
15%
Miedź LegnicaVotum Energy
6%
Widzew ŁódźDimedical
4%

Rozkład punktacji

Percentyl według liczby udzielonych odpowiedzi

Procent ludzi z każdym wynikiem

Twoja historia wyników

Nie rozwiązałeś tego quizu